[Event "Serbia ch 2008"]
[Site "Mataruska Banja SRB"]
[Date "2008.03.15"]
[Round "1.1"]
[White "Bogosavljevic, Boban"]
[Black "Perunovic, Milos"]
[Result "1/2-1/2"]
[WhiteElo "2492"]
[BlackElo "2570"]
[PlyCount "49"]
[EventDate "2008.03.15"]
[EventType "tourn"]
[EventRounds "13"]
[EventCategory "12"]
[Source "lmi"]
[SourceDate "2008.03.15"]

1. Nf3 Nf6 2. c4 e6 3. g3 d5 4. Bg2 dxc4 5. Qc2 c6 6. Ne5 Nbd7 7. Nxc4 e5 8.
O-O Be7 9. Rd1 O-O 10. d4 exd4 11. Rxd4 Bc5 12. Rh4 Re8 13. Nc3 Nf8 14. Be3 Qe7
15. Rd1 Bxe3 16. Nxe3 Be6 17. Rhd4 Red8 18. Qa4 Rxd4 19. Qxd4 N8d7 20. Nc4 Qb4
21. Nd6 Qxb2 22. Rd2 Qa1+ 23. Rd1 Qb2 24. Rd2 Qa1+ 25. Rd1 1/2-1/2

[Event "Serbia ch 2008"]
[Site "Mataruska Banja SRB"]
[Date "2008.03.15"]
[Round "1.2"]
[White "Miladinovic, Igor"]
[Black "Pikula, Dejan"]
[Result "1/2-1/2"]
[WhiteElo "2604"]
[BlackElo "2524"]
[PlyCount "39"]
[EventDate "2008.03.15"]
[EventType "tourn"]
[EventRounds "13"]
[EventCategory "12"]
[Source "lmi"]
[SourceDate "2008.03.15"]

1. d4 d5 2. Nf3 c6 3. Bg5 h6 4. Bh4 Qb6 5. b3 Bf5 6. e3 Nd7 7. Bd3 Bxd3 8. Qxd3
e6 9. O-O Be7 10. Bxe7 Nxe7 11. c4 O-O 12. Nc3 Qa6 13. Rfd1 Rfd8 14. a4 Rac8
15. a5 c5 16. Nb5 Nc6 17. Qf1 dxc4 18. Nd6 Rb8 19. Nxc4 cxd4 20. Nxd4 1/2-1/2

[Event "Serbia ch 2008"]
[Site "Mataruska Banja SRB"]
[Date "2008.03.15"]
[Round "1.6"]
[White "Kovacevic, Aleksandar"]
[Black "Leskur, Dejan"]
[Result "1/2-1/2"]
[WhiteElo "2575"]
[BlackElo "2468"]
[PlyCount "32"]
[EventDate "2008.03.15"]
[EventType "tourn"]
[EventRounds "13"]
[EventCategory "12"]
[Source "lmi"]
[SourceDate "2008.03.15"]

1. e4 d6 2. d4 Nf6 3. Nc3 g6 4. f4 Bg7 5. Nf3 O-O 6. Bd3 Na6 7. O-O c5 8. d5
Bg4 9. Bc4 Nc7 10. h3 Bxf3 11. Qxf3 e6 12. dxe6 fxe6 13. Rd1 Qe7 14. e5 dxe5
15. Qxb7 Nh5 16. f5 gxf5 1/2-1/2

[Event "Serbia ch 2008"]
[Site "Mataruska Banja SRB"]
[Date "2008.03.15"]
[Round "1.7"]
[White "Markus, Robert"]
[Black "Pavlovic, Milos M"]
[Result "1-0"]
[WhiteElo "2575"]
[BlackElo "2457"]
[PlyCount "99"]
[EventDate "2008.03.15"]
[EventType "tourn"]
[EventRounds "13"]
[EventCategory "12"]
[Source "lmi"]
[SourceDate "2008.03.15"]

1. d4 Nf6 2. Nf3 c5 3. d5 g6 4. Nc3 Bg7 5. e4 d6 6. Be2 O-O 7. O-O e6 8. Bf4
exd5 9. exd5 Nh5 10. Bg5 f6 11. Bc1 Na6 12. Ne1 f5 13. Bxh5 gxh5 14. Bf4 Nc7
15. Qxh5 b5 16. Bh6 b4 17. Bxg7 Kxg7 18. Ne2 Nxd5 19. Rd1 Bb7 20. Nd3 f4 21. c4
bxc3 22. Nxc3 Nxc3 23. bxc3 Qf6 24. Rfe1 Rf7 25. f3 Kh8 26. Nf2 Raf8 27. c4 Re7
28. Rxe7 Qxe7 29. Qh6 Rf6 30. Qg5 Re6 31. Qxe7 Rxe7 32. Nh3 Ba6 33. Rxd6 Bxc4
34. Nxf4 Bxa2 35. Rc6 c4 36. Kf2 Rb7 37. Ke3 Bb3 38. Ne6 h6 39. Nc5 Re7+ 40.
Kd2 h5 41. Nxb3 cxb3 42. Rc8+ Kg7 43. Rb8 h4 44. Rxb3 Kf6 45. Rb4 Kg5 46. g3
hxg3 47. hxg3 a6 48. Ra4 Re6 49. Ra5+ Kf6 50. Kd3 1-0

[Event "Serbia ch 2008"]
[Site "Mataruska Banja SRB"]
[Date "2008.03.16"]
[Round "2.1"]
[White "Perunovic, Milos"]
[Black "Pavlovic, Milos M"]
[Result "1/2-1/2"]
[WhiteElo "2570"]
[BlackElo "2457"]
[PlyCount "42"]
[EventDate "2008.03.15"]
[EventType "tourn"]
[EventRounds "13"]
[EventCategory "12"]
[Source "lmi"]
[SourceDate "2008.03.15"]

1. e4 c5 2. Nf3 Nc6 3. d4 cxd4 4. Nxd4 Qc7 5. Nc3 e6 6. f4 a6 7. Be2 b5 8. Be3
Nxd4 9. Qxd4 Bb7 10. O-O-O Rc8 11. Rd2 Bc5 12. Qxc5 Qxc5 13. Bxc5 Rxc5 14. Rhd1
Bc6 15. Bf3 b4 16. Ne2 Nf6 17. Rd4 a5 18. Ng3 O-O 19. Nf1 Rc8 20. Ne3 g5 21. g3
h6 1/2-1/2

[Event "Serbia ch 2008"]
[Site "Mataruska Banja SRB"]
[Date "2008.03.16"]
[Round "2.2"]
[White "Leskur, Dejan"]
[Black "Markus, Robert"]
[Result "1/2-1/2"]
[WhiteElo "2468"]
[BlackElo "2575"]
[PlyCount "38"]
[EventDate "2008.03.15"]
[EventType "tourn"]
[EventRounds "13"]
[EventCategory "12"]
[Source "lmi"]
[SourceDate "2008.03.15"]

1. e4 c5 2. Nf3 e6 3. d4 cxd4 4. Nxd4 a6 5. Bd3 Bc5 6. Nb3 Be7 7. Qe2 d6 8. Be3
Nf6 9. f4 Nc6 10. N1d2 Nb4 11. a3 Nxd3+ 12. cxd3 e5 13. h3 Be6 14. O-O O-O 15.
Rac1 Rc8 16. fxe5 dxe5 17. Nc5 Bxc5 18. Rxc5 Rxc5 19. Bxc5 Re8 1/2-1/2

[Event "Serbia ch 2008"]
[Site "Mataruska Banja SRB"]
[Date "2008.03.16"]
[Round "2.5"]
[White "Velickovic, Sasa"]
[Black "Sedlak, Nikola"]
[Result "0-1"]
[WhiteElo "2401"]
[BlackElo "2568"]
[PlyCount "61"]
[EventDate "2008.03.15"]
[EventType "tourn"]
[EventRounds "13"]
[EventCategory "12"]
[Source "lmi"]
[SourceDate "2008.03.15"]

1. e4 c5 2. Nf3 d6 3. c3 Nf6 4. Bd3 Nc6 5. Bc2 Bg4 6. d3 Bxf3 7. Qxf3 g6 8. O-O
Bg7 9. Qe2 Nd7 10. Be3 b5 11. Qd2 O-O 12. Bh6 Rb8 13. Bxg7 Kxg7 14. Na3 a5 15.
Rae1 a4 16. Re3 e5 17. Rh3 h5 18. Bd1 Nf6 19. f4 exf4 20. Qxf4 Ne5 21. Nc2 c4
22. Ne3 Nh7 23. d4 Nd3 24. Nf5+ Kh8 25. Rxd3 cxd3 26. Nxd6 f6 27. e5 Qe7 28.
Bf3 Qe6 29. a3 Rbd8 30. Rd1 g5 31. Qg3 0-1

[Event "Serbia ch 2008"]
[Site "Mataruska Banja SRB"]
[Date "2008.03.16"]
[Round "2.7"]
[White "Bogosavljevic, Boban"]
[Black "Miladinovic, Igor"]
[Result "1/2-1/2"]
[WhiteElo "2492"]
[BlackElo "2604"]
[PlyCount "139"]
[EventDate "2008.03.15"]
[EventType "tourn"]
[EventRounds "13"]
[EventCategory "12"]
[Source "lmi"]
[SourceDate "2008.03.15"]

1. d4 d5 2. c4 e6 3. Nf3 a6 4. Qc2 dxc4 5. Qxc4 b5 6. Qc2 Bb7 7. Nbd2 Nd7 8.
Nb3 Ngf6 9. Bd2 Be4 10. Qc1 Bd6 11. e3 Qe7 12. a4 bxa4 13. Rxa4 O-O 14. Rxa6
Rac8 15. Be2 Bd5 16. Bc4 Bxf3 17. gxf3 c5 18. dxc5 Bxc5 19. Nxc5 Qxc5 20. b3
Qf5 21. Qd1 Ne5 22. f4 Nxc4 23. bxc4 Rfd8 24. f3 Rb8 25. O-O Qg6+ 26. Kh1 Rb2
27. f5 Qh5 28. Qc1 Qh3 29. Rf2 Rb7 30. fxe6 fxe6 31. Bc3 Rdb8 32. Ra1 Qf5 33.
Qg1 e5 34. Raf1 Rb3 35. Bd2 Qd3 36. Qg5 Rb1 37. Rxb1 Rxb1+ 38. Kg2 e4 39. Qf5
h6 40. Qe6+ Kh8 41. Qc8+ Ng8 42. Qf5 exf3+ 43. Qxf3 Qxc4 44. e4 Rb3 45. Qf5 Rb5
46. Qf3 Re5 47. Re2 Kh7 48. Bf4 Re6 49. e5 Ne7 50. Bg3 Rg6 51. Rd2 Nc6 52. Qd5
Qg4 53. Rf2 Nd4 54. e6 Nxe6 55. Qf5 Qc4 56. Rd2 Qc6+ 57. Qf3 Nf4+ 58. Kf2 Qc5+
59. Kf1 Qc4+ 60. Kg1 h5 61. Kh1 Ne6 62. Qxh5+ Kg8 63. Rf2 Qc1+ 64. Kg2 Qc6+ 65.
Qf3 Nf4+ 66. Kh1 Nh3 67. Rf1 Qc4 68. Rd1 Ng5 69. Qd5+ Qxd5+ 70. Rxd5 1/2-1/2

[Event "Serbia ch 2008"]
[Site "Mataruska Banja SRB"]
[Date "2008.03.17"]
[Round "3.3"]
[White "Sedlak, Nikola"]
[Black "Pikula, Dejan"]
[Result "0-1"]
[WhiteElo "2568"]
[BlackElo "2524"]
[PlyCount "84"]
[EventDate "2008.03.15"]
[EventType "tourn"]
[EventRounds "13"]
[EventCategory "12"]
[Source "lmi"]
[SourceDate "2008.03.15"]

1. e4 c5 2. Nf3 e6 3. d4 cxd4 4. Nxd4 a6 5. Bd3 Nf6 6. O-O d6 7. c4 b6 8. Nc3
Bb7 9. f4 Be7 10. b3 O-O 11. Bb2 Nc6 12. Nxc6 Bxc6 13. Qe2 Nd7 14. Rad1 Re8 15.
e5 Qc7 16. exd6 Bxd6 17. Bxh7+ Kxh7 18. Qd3+ Kg8 19. Qxd6 Qb7 20. f5 exf5 21.
Nd5 Bxd5 22. Rxd5 Re2 23. Bxg7 Kxg7 24. Qg3+ Kf8 25. Rdxf5 Re7 26. Rg5 f6 27.
Rg8+ Kf7 28. Qg6+ Ke6 29. Qf5+ Kf7 30. Qh7+ Ke6 31. Qh3+ Kf7 32. Rg4 Rf8 33.
Qh5+ Ke6 34. Qh6 Ref7 35. Re1+ Kd6 36. b4 Kc7 37. c5 bxc5 38. bxc5 Qd5 39. h3
Ne5 40. Rg3 Qd4+ 41. Kh2 Rd8 42. Qh5 Qf4 0-1

[Event "Serbia ch 2008"]
[Site "Mataruska Banja SRB"]
[Date "2008.03.17"]
[Round "3.4"]
[White "Vuckovic, Bojan"]
[Black "Velickovic, Sasa"]
[Result "1-0"]
[WhiteElo "2556"]
[BlackElo "2401"]
[PlyCount "55"]
[EventDate "2008.03.15"]
[EventType "tourn"]
[EventRounds "13"]
[EventCategory "12"]
[Source "lmi"]
[SourceDate "2008.03.15"]

1. e4 c5 2. Nf3 e6 3. d4 cxd4 4. Nxd4 Nf6 5. Nc3 d6 6. g4 a6 7. g5 Nfd7 8. Be3
b5 9. a3 Bb7 10. h4 Nc6 11. Rh3 Rc8 12. f4 Nxd4 13. Qxd4 e5 14. Qd2 Nc5 15. Bg2
exf4 16. Bxf4 Ne6 17. Bh2 Be7 18. Rd3 Nc5 19. Rxd6 Bxd6 20. Bxd6 h6 21. O-O-O
hxg5 22. Bh3 Ne6 23. Bxe6 fxe6 24. hxg5 Rh5 25. Rf1 Rh8 26. Qf4 Kd7 27. Bb4 Ke8
28. Qf7# 1-0

[Event "Serbia ch 2008"]
[Site "Mataruska Banja SRB"]
[Date "2008.03.17"]
[Round "3.5"]
[White "Kovacevic, Aleksandar"]
[Black "Drazic, Sinisa"]
[Result "1-0"]
[WhiteElo "2575"]
[BlackElo "2489"]
[PlyCount "83"]
[EventDate "2008.03.15"]
[EventType "tourn"]
[EventRounds "13"]
[EventCategory "12"]
[Source "lmi"]
[SourceDate "2008.03.15"]

1. e4 e6 2. d4 d5 3. Nc3 Nf6 4. Bg5 dxe4 5. Nxe4 Be7 6. Bxf6 Bxf6 7. Nf3 Nd7 8.
Bd3 c5 9. Qe2 Qa5+ 10. c3 cxd4 11. Nd6+ Kf8 12. Nc4 Qh5 13. cxd4 Nb6 14. Nce5
Be7 15. O-O f6 16. Nc4 Nd5 17. Rfe1 Nf4 18. Qe4 Nxd3 19. Qxd3 Bd7 20. Rac1 Rd8
21. Ne3 Qb5 22. Qe4 Bd6 23. d5 e5 24. Nc4 Qa6 25. Rc3 g6 26. Nxd6 Qxd6 27. Rec1
Kg7 28. g4 Rhe8 29. Rc7 Rc8 30. Rxc8 Rxc8 31. Rxc8 Bxc8 32. g5 Bf5 33. gxf6+
Kxf6 34. Qh4+ Kg7 35. Ng5 h6 36. Qxh6+ Kxh6 37. Nf7+ Kg7 38. Nxd6 Bb1 39. Nxb7
Bxa2 40. d6 Be6 41. Nc5 Kf7 42. d7 1-0

[Event "Serbia ch 2008"]
[Site "Mataruska Banja SRB"]
[Date "2008.03.17"]
[Round "3.7"]
[White "Pavlovic, Milos M"]
[Black "Leskur, Dejan"]
[Result "1-0"]
[WhiteElo "2457"]
[BlackElo "2468"]
[PlyCount "73"]
[EventDate "2008.03.15"]
[EventType "tourn"]
[EventRounds "13"]
[EventCategory "12"]
[Source "lmi"]
[SourceDate "2008.03.15"]

1. d4 Nf6 2. Nf3 c5 3. d5 g6 4. Nc3 Bg7 5. e4 d6 6. Be2 O-O 7. O-O Bg4 8. Nd2
Bxe2 9. Qxe2 Na6 10. Nc4 Nc7 11. a4 Rb8 12. h3 b6 13. Bf4 a6 14. Rfd1 Nd7 15.
e5 dxe5 16. Nxe5 Nxe5 17. Bxe5 Bxe5 18. Qxe5 Ne8 19. a5 b5 20. Ne4 c4 21. d6
exd6 22. Nxd6 Qc7 23. Rd5 Rd8 24. Ne4 Qxe5 25. Rxe5 Kg7 26. Nc5 Rd6 27. Re7 Rc6
28. Nd7 Rc7 29. Rae1 Rg8 30. Nb8 Rxe7 31. Rxe7 Nf6 32. Rb7 Nd5 33. Nxa6 c3 34.
b3 Ra8 35. Rxb5 Nf4 36. Nb4 Ne2+ 37. Kf1 1-0

[Event "Serbia ch 2008"]
[Site "Mataruska Banja SRB"]
[Date "2008.03.18"]
[Round "4.1"]
[White "Perunovic, Milos"]
[Black "Leskur, Dejan"]
[Result "1/2-1/2"]
[WhiteElo "2570"]
[BlackElo "2468"]
[PlyCount "80"]
[EventDate "2008.03.15"]
[EventType "tourn"]
[EventRounds "13"]
[EventCategory "12"]
[Source "lmi"]
[SourceDate "2008.03.15"]

1. e4 d6 2. d4 Nf6 3. Nc3 g6 4. f4 Bg7 5. Nf3 O-O 6. Be3 b6 7. Qd2 Bb7 8. e5
Ng4 9. O-O-O c5 10. dxc5 bxc5 11. Bxc5 Qa5 12. Ba3 dxe5 13. Nd5 Qxd2+ 14. Rxd2
Bxd5 15. Rxd5 Bh6 16. Kb1 exf4 17. Bxe7 Re8 18. Bd6 Ne3 19. Bb5 Nxd5 20. Bxe8
Na6 21. Bc6 Rd8 22. Be5 Ne3 23. Bd4 Nxc2 24. Bxa7 Nab4 25. Be4 Ne3 26. Bc5 Bf8
27. Bxf8 Kxf8 28. a3 Nd3 29. Rg1 f5 30. Bxd3 Rxd3 31. Ng5 Ke7 32. g3 h6 33. Nf3
fxg3 34. hxg3 Nc4 35. Nh4 Kf6 36. Kc2 Re3 37. g4 f4 38. Rf1 Kg5 39. Nxg6 Kxg6
40. Rxf4 Nxa3+ 1/2-1/2

[Event "Serbia ch 2008"]
[Site "Mataruska Banja SRB"]
[Date "2008.03.18"]
[Round "4.2"]
[White "Ivanisevic, Ivan"]
[Black "Pavlovic, Milos M"]
[Result "1-0"]
[WhiteElo "2649"]
[BlackElo "2457"]
[PlyCount "101"]
[EventDate "2008.03.15"]
[EventType "tourn"]
[EventRounds "13"]
[EventCategory "12"]
[Source "lmi"]
[SourceDate "2008.03.15"]

1. d4 Nf6 2. Nf3 c5 3. d5 b5 4. Bg5 d6 5. e4 a6 6. Nbd2 Nbd7 7. a4 b4 8. Bd3 g6
9. Nc4 Bg7 10. O-O O-O 11. a5 Ne8 12. Qc1 Rb8 13. Re1 f6 14. Bd2 Nc7 15. c3
bxc3 16. bxc3 Nb5 17. Rb1 Re8 18. Ne3 Qc7 19. Bf1 Nf8 20. h3 e6 21. c4 Nd4 22.
Nxd4 Rxb1 23. Qxb1 cxd4 24. Nc2 f5 25. exf5 gxf5 26. Bd3 Qf7 27. dxe6 Rxe6 28.
Qb8 Rxe1+ 29. Bxe1 Be6 30. Qxd6 Bxc4 31. Nb4 Bxd3 32. Nxd3 Qc4 33. Qg3 Ng6 34.
Bb4 Qe6 35. Qb8+ Bf8 36. Bxf8 Nxf8 37. Nc5 Qe1+ 38. Kh2 Qxa5 39. Qd6 Qc3 40.
Qd5+ Kg7 41. Qxf5 Qc4 42. Qe5+ Kg8 43. Qg3+ Ng6 44. Qb8+ Kg7 45. Qd6 Nf8 46. f4
a5 47. f5 Qf7 48. Qxd4+ Qf6 49. Qf4 Ng6 50. Qc7+ Ne7 51. Ne4 1-0

[Event "Serbia ch 2008"]
[Site "Mataruska Banja SRB"]
[Date "2008.03.18"]
[Round "4.3"]
[White "Drazic, Sinisa"]
[Black "Markus, Robert"]
[Result "1/2-1/2"]
[WhiteElo "2489"]
[BlackElo "2575"]
[PlyCount "128"]
[EventDate "2008.03.15"]
[EventType "tourn"]
[EventRounds "13"]
[EventCategory "12"]
[Source "lmi"]
[SourceDate "2008.03.15"]

1. d4 Nf6 2. c4 e6 3. a3 c5 4. e3 d5 5. Nf3 Nc6 6. dxc5 Bxc5 7. b4 Bd6 8. Bb2
O-O 9. Nbd2 Qe7 10. Bd3 a5 11. b5 Nb8 12. O-O Nbd7 13. Qb1 Re8 14. cxd5 exd5
15. Rd1 h6 16. a4 Nb6 17. Bd4 Bc5 18. Qb2 Bg4 19. Bxc5 Qxc5 20. Rdc1 Qd6 21.
Nd4 Nfd7 22. h3 Be6 23. N4b3 Rec8 24. Qd4 Rxc1+ 25. Rxc1 Qe5 26. f4 Qxd4 27.
exd4 g6 28. g4 f5 29. gxf5 gxf5 30. Rc7 Nxa4 31. Rxb7 Nab6 32. Nc5 Kf7 33. Nxd7
Nxd7 34. Nb3 a4 35. Nc5 a3 36. Bb1 Ke7 37. Ba2 Kd6 38. Kf2 Rb8 39. Ke2 Rg8 40.
Kf2 Rb8 41. Rxb8 Nxb8 42. Na4 Kc7 43. Ke3 Nd7 44. Kd3 Nb6 45. Nc3 Nc4 46. Bxc4
dxc4+ 47. Kc2 Kb6 48. Kb1 Bd7 49. Ka2 Bxb5 50. Kxa3 Ka5 51. Kb2 Bc6 52. Na2 Kb5
53. Kc3 Bf3 54. Nb4 Bg2 55. h4 Be4 56. Na2 Bc6 57. Kb2 Bf3 58. Kc2 Be4+ 59. Kc1
Bg2 60. Kb2 Bf3 61. Kc3 Bb7 62. Nb4 Be4 63. Na2 Bb7 64. Kd2 Bf3 1/2-1/2

[Event "Serbia ch 2008"]
[Site "Mataruska Banja SRB"]
[Date "2008.03.19"]
[Round "5.1"]
[White "Damljanovic, Branko"]
[Black "Perunovic, Milos"]
[Result "1/2-1/2"]
[WhiteElo "2582"]
[BlackElo "2570"]
[PlyCount "70"]
[EventDate "2008.03.15"]
[EventType "tourn"]
[EventRounds "13"]
[EventCategory "12"]
[Source "lmi"]
[SourceDate "2008.03.15"]

1. e4 c5 2. Nf3 Nc6 3. d4 cxd4 4. Nxd4 Qc7 5. Nc3 e6 6. f4 Nxd4 7. Qxd4 a6 8.
Bd3 b5 9. Bd2 Bb7 10. b4 Ne7 11. a3 Nc6 12. Qf2 Be7 13. O-O O-O 14. Rae1 d6 15.
Re3 Bf6 16. e5 dxe5 17. Rh3 g6 18. Ne4 Bg7 19. Rxh7 Kxh7 20. Ng5+ Kg8 21. Qh4
Rfe8 22. Qh7+ Kf8 23. fxe5 Qb6+ 24. Kh1 Nxe5 25. Nxf7 Bxg2+ 26. Kxg2 Qb7+ 27.
Kg3 Qxf7 28. Rxf7+ Kxf7 29. Bh6 Rg8 30. Be4 Rac8 31. Kf4 Kf6 32. Bg5+ Kf7 33.
Bh6 Kf6 34. Bg5+ Kf7 35. Bh6 Kf6 1/2-1/2

[Event "Serbia ch 2008"]
[Site "Mataruska Banja SRB"]
[Date "2008.03.19"]
[Round "5.2"]
[White "Sedlak, Nikola"]
[Black "Miladinovic, Igor"]
[Result "1/2-1/2"]
[WhiteElo "2568"]
[BlackElo "2604"]
[PlyCount "25"]
[EventDate "2008.03.15"]
[EventType "tourn"]
[EventRounds "13"]
[EventCategory "12"]
[Source "lmi"]
[SourceDate "2008.03.15"]

1. e4 c5 2. c3 d5 3. d3 g6 4. Nd2 Bg7 5. Ngf3 Nc6 6. Be2 Nf6 7. O-O dxe4 8.
dxe4 O-O 9. Qc2 b6 10. Nc4 Qc7 11. a4 Bb7 12. Bg5 Rad8 13. Rfd1 1/2-1/2

[Event "Serbia ch 2008"]
[Site "Mataruska Banja SRB"]
[Date "2008.03.19"]
[Round "5.3"]
[White "Vuckovic, Bojan"]
[Black "Bogosavljevic, Boban"]
[Result "1-0"]
[WhiteElo "2556"]
[BlackElo "2492"]
[PlyCount "77"]
[EventDate "2008.03.15"]
[EventType "tourn"]
[EventRounds "13"]
[EventCategory "12"]
[Source "lmi"]
[SourceDate "2008.03.15"]

1. e4 c5 2. Nf3 Nc6 3. d4 cxd4 4. Nxd4 Nf6 5. Nc3 e5 6. Ndb5 d6 7. Bg5 a6 8.
Na3 b5 9. Nd5 Be7 10. Bxf6 Bxf6 11. c3 O-O 12. Nc2 Bg5 13. a4 bxa4 14. Rxa4 a5
15. Bc4 Rb8 16. b3 Kh8 17. Nce3 Bxe3 18. Nxe3 Ne7 19. O-O f5 20. exf5 Nxf5 21.
Nxf5 Bxf5 22. Qd5 Ra8 23. Rfa1 Qb6 24. R1a2 Bb1 25. Rd2 Qd8 26. Ra1 Bg6 27.
Qxd6 Qg5 28. Re2 a4 29. bxa4 e4 30. Qd2 Qc5 31. Qd4 Qg5 32. Qe3 Qe5 33. Rd2
Rfc8 34. Rd4 Ra5 35. Rad1 Rxa4 36. Rd8+ Rxd8 37. Rxd8+ Be8 38. Qc5 Ra1+ 39. Bf1
1-0

[Event "Serbia ch 2008"]
[Site "Mataruska Banja SRB"]
[Date "2008.03.19"]
[Round "5.5"]
[White "Markus, Robert"]
[Black "Velickovic, Sasa"]
[Result "1-0"]
[WhiteElo "2575"]
[BlackElo "2401"]
[PlyCount "103"]
[EventDate "2008.03.15"]
[EventType "tourn"]
[EventRounds "13"]
[EventCategory "12"]
[Source "lmi"]
[SourceDate "2008.03.15"]

1. d4 Nf6 2. c4 c5 3. d5 g6 4. Nc3 Bg7 5. e4 d6 6. Nf3 O-O 7. Be2 e6 8. Nd2 Re8
9. O-O exd5 10. cxd5 Nbd7 11. a4 a6 12. Qc2 Rb8 13. a5 b5 14. axb6 Nxb6 15. Nb3
Ra8 16. Bg5 Qc7 17. Na5 Nbd7 18. Bf4 Ne5 19. Bg3 Nh5 20. Bxh5 gxh5 21. Bxe5
Bxe5 22. Nc4 Bg7 23. f4 Rb8 24. Rae1 Rb4 25. Na2 Rxc4 26. Qxc4 Bxb2 27. e5 Bd4+
28. Kh1 dxe5 29. fxe5 Qb6 30. Nc1 Qb5 31. Qc2 Rxe5 32. Ne2 Qe8 33. Qd2 Be3 34.
Qc3 h4 35. Ng1 Re4 36. Qf6 Qe7 37. d6 Qxf6 38. Rxf6 Re5 39. Rf3 Bd4 40. Rxe5
Bxe5 41. Re3 f6 42. Nf3 h3 43. Nxe5 hxg2+ 44. Kxg2 fxe5 45. Rxe5 Kf7 46. Kg3
Kf6 47. Kf4 h5 48. Rxc5 Bg4 49. Re5 a5 50. Ke4 a4 51. Kd4 h4 52. Re3 1-0

[Event "Serbia ch 2008"]
[Site "Mataruska Banja SRB"]
[Date "2008.03.19"]
[Round "5.6"]
[White "Pavlovic, Milos M"]
[Black "Drazic, Sinisa"]
[Result "1/2-1/2"]
[WhiteElo "2457"]
[BlackElo "2489"]
[PlyCount "167"]
[EventDate "2008.03.15"]
[EventType "tourn"]
[EventRounds "13"]
[EventCategory "12"]
[Source "lmi"]
[SourceDate "2008.03.15"]

1. d4 d5 2. c4 c6 3. Nf3 Nf6 4. e3 a6 5. Bd3 e6 6. O-O Nbd7 7. b3 Bd6 8. Bb2
Qe7 9. Nbd2 O-O 10. e4 dxe4 11. Nxe4 Nxe4 12. Bxe4 Rd8 13. Qe2 Nf8 14. Ne5 f6
15. Nd3 Bd7 16. f4 Be8 17. Rae1 Bf7 18. g3 Ba3 19. Bc3 a5 20. c5 Qc7 21. Rd1
Bg6 22. Bxg6 hxg6 23. Bb2 Bxb2 24. Nxb2 b5 25. cxb6 Qxb6 26. Na4 Qb4 27. Qe3
Rd5 28. a3 Qb7 29. Rd3 Rad8 30. Nc3 R5d7 31. Ne4 Qa7 32. Rfd1 Qb8 33. Kg2 Rd5
34. Nc3 Rf5 35. Ne2 Qb7 36. Kg1 Rb5 37. Rc1 Rb8 38. Rcc3 Qd7 39. a4 Rd5 40. Qc1
Rb6 41. Re3 g5 42. fxg5 Rxg5 43. Rc5 Rd5 44. Qc3 Rb4 45. Rxa5 Rxb3 46. Qxb3
Rxa5 47. Rc3 Ng6 48. Rc5 Ra8 49. a5 Ne7 50. Qc4 Nd5 51. a6 Rb8 52. Rxc6 Rb1+
53. Kf2 Rf1+ 54. Kxf1 Ne3+ 55. Kf2 Nxc4 56. Rxc4 e5 57. Rb4 Kh7 58. dxe5 Qf5+
59. Ke1 Qxe5 60. Ra4 Qe8 61. Ra1 Qe4 62. Ra3 Qb4+ 63. Rc3 Qa5 64. Kf2 Qxa6 65.
Rf3 Qa2 66. h3 Qd2 67. g4 Kg6 68. Rf5 Kf7 69. Rf3 Ke6 70. Re3+ Kd6 71. Re4 Qc2
72. Rf4 Ke5 73. Rf3 Ke6 74. Re3+ Kf7 75. Rf3 Qc5+ 76. Kg2 Qe5 77. Ng3 g6 78. h4
Qd4 79. Kh3 Qd5 80. Rf1 Qc4 81. h5 gxh5 82. gxh5 Qd3 83. Rf5 Qe3 84. Kg4
1/2-1/2

[Event "Serbia ch 2008"]
[Site "Mataruska Banja SRB"]
[Date "2008.03.20"]
[Round "6.2"]
[White "Drazic, Sinisa"]
[Black "Leskur, Dejan"]
[Result "1-0"]
[WhiteElo "2489"]
[BlackElo "2468"]
[PlyCount "55"]
[EventDate "2008.03.15"]
[EventType "tourn"]
[EventRounds "13"]
[EventCategory "12"]
[Source "lmi"]
[SourceDate "2008.03.15"]

1. e4 c5 2. Nf3 d6 3. d4 cxd4 4. Nxd4 Nf6 5. Nc3 Nc6 6. Bg5 Qb6 7. Nb3 e6 8.
Bf4 Ne5 9. Be3 Qc7 10. f4 Nc6 11. g4 a6 12. Qf3 b5 13. g5 Nd7 14. O-O-O Be7 15.
h4 b4 16. Na4 Bb7 17. Kb1 Na5 18. Nb6 Nxb6 19. Nxa5 O-O 20. Nxb7 Qxb7 21. f5
exf5 22. Bxb6 Qxb6 23. exf5 d5 24. Bd3 f6 25. g6 h6 26. Rhe1 Ra7 27. Qxd5+ Kh8
28. Re6 1-0

[Event "Serbia ch 2008"]
[Site "Mataruska Banja SRB"]
[Date "2008.03.20"]
[Round "6.3"]
[White "Velickovic, Sasa"]
[Black "Pavlovic, Milos M"]
[Result "0-1"]
[WhiteElo "2401"]
[BlackElo "2457"]
[PlyCount "112"]
[EventDate "2008.03.15"]
[EventType "tourn"]
[EventRounds "13"]
[EventCategory "12"]
[Source "lmi"]
[SourceDate "2008.03.15"]

1. e4 e5 2. Nf3 Nc6 3. Bb5 a6 4. Ba4 Nf6 5. d3 d6 6. c3 g6 7. O-O b5 8. Bb3 Bg7
9. Re1 O-O 10. a4 Rb8 11. axb5 axb5 12. Nbd2 Nd7 13. Nf1 Nc5 14. Ba2 Be6 15.
Bg5 Qd7 16. Bd5 h6 17. Be3 Bxd5 18. exd5 Ne7 19. Nxe5 Bxe5 20. d4 Nxd5 21. Bxh6
Bg7 22. Bxg7 Kxg7 23. dxc5 dxc5 24. Qf3 Rfe8 25. Red1 c6 26. Ne3 Rbd8 27. c4
bxc4 28. Nxc4 Qe6 29. h3 Ra8 30. Rac1 Ra4 31. Qg3 Qf6 32. b3 Ra2 33. Re1 Ree2
34. Rxe2 Rxe2 35. Rf1 Nf4 36. Qf3 Rc2 37. Re1 Nxh3+ 38. Kh2 Qxf3 39. gxf3 Nxf2
40. Kg3 Nd3 41. Re3 Nb4 42. Re7 Nd5 43. Rb7 g5 44. Kg4 Kf6 45. f4 gxf4 46. Nd6
Rg2+ 47. Kf3 Rg3+ 48. Kf2 Nc3 49. Rxf7+ Ke6 50. Rxf4 Kxd6 51. Kxg3 Ne2+ 52. Kf3
Nxf4 53. Kxf4 Kd5 54. Ke3 c4 55. b4 Ke5 56. Kd2 Kd4 0-1

[Event "Serbia ch 2008"]
[Site "Mataruska Banja SRB"]
[Date "2008.03.20"]
[Round "6.4"]
[White "Pikula, Dejan"]
[Black "Markus, Robert"]
[Result "1/2-1/2"]
[WhiteElo "2524"]
[BlackElo "2575"]
[PlyCount "31"]
[EventDate "2008.03.15"]
[EventType "tourn"]
[EventRounds "13"]
[EventCategory "12"]
[Source "lmi"]
[SourceDate "2008.03.15"]

1. e4 c5 2. Nf3 e6 3. d4 cxd4 4. Nxd4 Nc6 5. Nc3 Qc7 6. Be3 Nf6 7. f4 Bb4 8.
Ndb5 Qa5 9. e5 Nd5 10. Bd2 Nxc3 11. Nxc3 d5 12. Qg4 Bd7 13. Bd3 O-O-O 14. a3 f5
15. Qe2 Nd4 16. Qd1 1/2-1/2

[Event "Serbia ch 2008"]
[Site "Mataruska Banja SRB"]
[Date "2008.03.20"]
[Round "6.5"]
[White "Bogosavljevic, Boban"]
[Black "Kovacevic, Aleksandar"]
[Result "1-0"]
[WhiteElo "2492"]
[BlackElo "2575"]
[PlyCount "129"]
[EventDate "2008.03.15"]
[EventType "tourn"]
[EventRounds "13"]
[EventCategory "12"]
[Source "lmi"]
[SourceDate "2008.03.15"]

1. d4 e6 2. c4 Nf6 3. Nc3 Bb4 4. Qc2 c5 5. dxc5 O-O 6. a3 Bxc5 7. Nf3 Nc6 8.
Bg5 Nd4 9. Nxd4 Bxd4 10. e3 Qa5 11. exd4 Qxg5 12. Qd2 Qh4 13. Be2 b6 14. h3 Ne4
15. Nxe4 Qxe4 16. O-O Rb8 17. Bf3 Qf5 18. Rfd1 Bb7 19. d5 Qf6 20. Rac1 h6 21.
Qb4 Rfc8 22. Rc3 exd5 23. Bxd5 Bxd5 24. Rxd5 Re8 25. Rf3 Qe7 26. Qb5 Rb7 27.
Rdf5 Rf8 28. Re3 Qd6 29. Rd5 Qc6 30. Qb3 Rc7 31. Re4 Qf6 32. Qc2 d6 33. Red4
Re7 34. Qd2 Rfe8 35. Rxd6 Re1+ 36. Kh2 Qe5+ 37. Qf4 Qxf4+ 38. Rxf4 R8e7 39.
Rd8+ Kh7 40. Rd2 Rc1 41. Rfd4 Rc7 42. b3 Rb1 43. R2d3 f6 44. h4 h5 45. Rd5 Kh6
46. g3 Re7 47. Rc3 Rb2 48. Kg2 Ree2 49. Rf5 Kg6 50. Rff3 Ra2 51. a4 Rac2 52.
Rxc2 Rxc2 53. Rd3 Rb2 54. Kf3 a6 55. Ke3 Kf5 56. Kd4 Rxf2 57. a5 bxa5 58. Kd5
a4 59. bxa4 Ra2 60. c5 Rxa4 61. c6 Ra1 62. Kd6 Re1 63. c7 Re8 64. Rd4 g5 65.
Kd7 1-0